书目信息 |
| 题名: |
植物学拉丁文
|
|
| 作者: | 沈显生 | |
| 分册: | ||
| 出版信息: | 合肥 中国科学技术大学出版社 2005 |
|
| 页数: | 162 | |
| 开本: | 26cm | |
| 丛书名: | ||
| 单 册: | ||
| 中图分类: | H771 | |
| 科图分类: | ||
| 主题词: | 罗曼语族 | |
| 电子资源: | ||
| ISBN: | 7-312-01756-8 | |
| 000 | 00505nam0 2200181 450 | |
| 001 | 0741144344 | |
| 005 | 20070817112544.34 | |
| 010 | @a7-312-01756-8@d¥20.00 | |
| 100 | @a20070817d km y0chiy0120 ea | |
| 101 | 0 | @achi |
| 200 | 1 | @a植物学拉丁文@Azhi wu xue la ding wen@f沈显生@Fshen xian sheng |
| 210 | @a合肥@c中国科学技术大学出版社@d2005 | |
| 215 | @a162@d26cm | |
| 606 | 0 | @a罗曼语族 |
| 690 | @aH771@v3 | |
| 701 | 0 | @a沈显生@Ashen xian sheng |
| 801 | 0 | @aCN@bPFT@c20070817 |
| 905 | @a213230@dH771@en1@f1 | |
| 植物学拉丁文/沈显生.-合肥:中国科学技术大学出版社,2005 |
| 162;26cm |
| ISBN 7-312-01756-8:¥20.00 |
| ● |
| 相关链接 |
|
|
|
|
正题名:植物学拉丁文
索取号:H771/n1
 
预约/预借
| 序号 | 登录号 | 条形码 | 馆藏地/架位号 | 状态 | 备注 |
| 1 | 6601240 | 266012405 | 密集书库-生命科学系/ [索取号:H771/n1] | 在馆 |